| 000 -CABECERA |
| Longitud fija campo de control |
00688nam a22001937a 4500 |
| 003 - IDENTIFICADOR DEL NÚMERO DE CONTROL |
| Identificador del número de control |
OSt |
| 005 - FECHA Y HORA DE LA ÚLTIMA TRANSACCIÓN |
| Fecha y hora de la última transacción |
20170523171505.0 |
| 008 - CÓDIGOS DE INFORMACIÓN DE LONGITUD FIJA |
| Códigos de información de longitud fija |
151015s2015 spc|||| |||| 0|0 0 cat|d |
| 017 ## - NÚMERO DE COPYRIGHT O DE DEPÓSITO LEGAL |
| Número de copyright o de depósito legal |
DL B 10055-2015 |
| Agencia que asigna el número |
Biblioteca de Catalunya |
| 020 ## - NÚMERO INTERNACIONAL NORMALIZADO PARA LIBROS |
| Número Internacional Normalizado para Libros (ISBN) |
9788415269304 |
| 040 ## - FUENTE DE LA CATALOGACIÓN |
| Centro transcriptor |
CDMR |
| Lengua de catalogación |
cat |
| 100 1# - PUNTO DE ACCESO PRINCIPAL-NOMBRE DE PERSONA |
| Nombre de persona |
Tomas Cabot, José |
| Fechas asociadas al nombre |
1930- |
| 9 (RLIN) |
933 |
| 245 10 - MENCIÓN DE TÍTULO |
| Título |
Retorn a casa |
| Resto del título |
: dotze anys d'articles a Regió7 (1999-2010) |
| Mención de responsabilidad, etc. |
Josep Tomàs Cabot ; pròleg de Jaume Huch |
| 260 ## - PUBLICACIÓN, DISTRIBUCIÓN, ETC. (PIE DE IMPRENTA) |
| Lugar de publicación, distribución, etc. |
Berga : |
| Nombre del editor, distribuidor, etc. |
L'Albí, |
| Fecha de publicación, distribución, etc. |
2015 |
| 300 ## - DESCRIPCIÓN FÍSICA |
| Extensión |
269 p. ; |
| Dimensiones |
23 cm |
| 490 1# - MENCIÓN DE SERIE |
| Mención de serie |
L'Albí/Idees ; |
| Designación de volumen o secuencia |
32 |
| 500 ## - NOTA GENERAL |
| Nota general |
Recull una selecció d'articles de Josep Tomàs Cabot publicats al diari Regió7 des de 1999 fins al 2010 |
| 942 ## - ENTRADA DE ELEMENTOS AGREGADOS (KOHA) |
| Fuente de clasificaión o esquema |
|
| Koha [por defecto] tipo de item |
Monografies |